[Event "NED-ch U11"]
[Site "Waalwijk"]
[Date "2011.04.22"]
[Round "1"]
[White "Motamarri, Kritin"]
[Black "Meijer, Joey"]
[Result "1-0"]
[WhiteElo "1231"]
[BlackElo "890"]
[PlyCount "47"]
[EventDate "2011.04.22"]
[EventType "swiss"]
[EventRounds "9"]
[EventCountry "NED"]
[SourceTitle "EXT 2012"]
[Source "ChessBase"]
[SourceDate "2011.11.24"]
[SourceVersion "1"]
[SourceVersionDate "2011.11.24"]
[SourceQuality "1"]

1. e4 e5 2. Nf3 Nc6 3. Bc4 Bc5 4. Nc3 d6 5. h3 Nf6 6. d3 h6 7. Be3 Bxe3 8. fxe3 0-0 9. 0-0 b6 10. Nd5 Nxd5 11. Bxd5 Bb7 12. d4 Na5 13. b4 Bxd5 14. exd5 Nb7 15. c4 exd4 16. Qxd4 a5 17. bxa5 Rxa5 18. Qg4 b5 19. Nd4 Qe8 20. Nf5 Qe5 21. Nxh6+ Kh7 22. Nxf7 Qxe3+ 23. Kh1 Qc3 24. Qh5+ 1-0

[Event "NED-ch U11"]
[Site "Waalwijk"]
[Date "2011.04.22"]
[Round "2"]
[White "Van Maas de Bie, Jasper"]
[Black "Motamarri, Kritin"]
[Result "0-1"]
[WhiteElo "914"]
[BlackElo "1231"]
[PlyCount "24"]
[EventDate "2011.04.22"]
[EventType "swiss"]
[EventRounds "9"]
[EventCountry "NED"]
[SourceTitle "EXT 2012"]
[Source "ChessBase"]
[SourceDate "2011.11.24"]
[SourceVersion "1"]
[SourceVersionDate "2011.11.24"]
[SourceQuality "1"]

1. e4 e5 2. Nf3 Nc6 3. Bc4 Nf6 4. Nc3 Bc5 5. 0-0 d6 6. d3 h6 7. Bd2 Bg4 8. Nd5 Nd4 9. Bc3 Nxf3+ 10. gxf3 Bh3 11. Re1 Nxd5 12. Bxd5 Qg5+ 0-1